Historia de Chile: Don García de Mendoza, 1557-1561
Guardat en:
| Autor principal: | |
|---|---|
| Format: | Llibre |
| Idioma: | espanyol |
| Publicat: |
Santiago, Chile
Imprenta Universitaria
1914
|
| Matèries: | |
| Etiquetes: |
Afegir etiqueta
Sense etiquetes, Sigues el primer a etiquetar aquest registre!
|
MARC
| LEADER | 00000nam a2200000 a 4500 | ||
|---|---|---|---|
| 001 | UCO1590 | ||
| 003 | CL-VaPUC | ||
| 005 | 20250327093503.0 | ||
| 008 | 000519e19140000CL |||||||||||||||||spa|d | ||
| 999 | |c 288198 |d 288196 | ||
| 040 | |c Pontificia Universidad Católica de Valparaíso | ||
| 082 | 0 | 4 | |a 983.02 ERR 1914 |2 21 |
| 100 | 0 | |a Errázuriz, Crescente |e author |9 372040 | |
| 245 | 1 | 0 | |a Historia de Chile: |b Don García de Mendoza, 1557-1561 |
| 260 | |a Santiago, Chile |b Imprenta Universitaria |c 1914 | ||
| 300 | |a 509 páginas | ||
| 583 | |a last modification |c 20000519 00:00:00 |k Rodrigo Vera | ||
| 600 | 0 | 7 | |a MENDOZA, GARCIA HURTADO DE |2 CL-VaPUC |9 443931 |
| 650 | 7 | |a HISTORIA DE CHILE |2 CL-VaPUC |9 443932 |y 1557-1561 | |
| 650 | 0 | |a Conquista |9 339504 | |
| 650 | 0 | |a Gobernadores |z CHILE |9 323856 | |
| 650 | 0 | |a Guerra de Arauco |9 267618 | |
| 852 | |a BIBCUR | ||
| 942 | |c BK |2 ddc | ||
| 945 | |d 20000519 00:00:00 |a crobeson | ||
| 952 | |0 0 |1 0 |2 ddc |4 0 |6 983_020000000000000_ERR_1914 |7 0 |8 X |9 335693 |a BIBHIS |b BIBHIS |d 2019-11-20 |i 1276956 |o 983.02 ERR 1914 |p 1276956 |r 2024-01-30 |t 1 |w 2019-11-20 |y BK_X |k HIS | ||
| 952 | |0 0 |1 0 |2 ddc |4 0 |6 983_020000000000000_ERR_1914 |7 0 |8 X |9 335694 |a FDOBUD |b FDOBUD |d 2019-11-20 |i 1009281 |o 983.02 ERR 1914 |p 1009281 |r 2019-11-20 |t 2 |w 2019-11-20 |y BK_X |k BUD | ||